00786nam a2200205 a 450000100100000000500170001000800410002702000180006804000250008608200150011110000300012624000550015624501020021126000480031330000290036170000310039070000280042195201140044999900170056300002923620200930055421.0110414s2010 sp a 000 0 spa d a9788475550992 aDO-SdBNPbspacBNPHU axxxbA159g1 aAbrahams, Peter H.95613310aMcMinn´s colour Atlas of human anatomylespañol10aGran atlas McMinn de anatomía humana /cPeter H. Abrahams, Sandy C. Marks Jr., Ralph Hutchings. aBarcelona, España :bOceano-Mosby,c2010. a378 p. :bil., ;c29 cm.1 aMarks, Sandy C., Jr9561341 aHutchings, Ralph956135 0010507-18MOaGRbGRcOId2011-04-14iLF1l0oxxx A159gp29236-10r2020-06-25w2020-06-25y1ZNo se presta c28728d28728